000 00920nam a2200253 i 4500
003 DO-SdBNP
005 20230518095557.0
006 a||||gr|||| 00| 0
007 ta
008 230518e2022 dr |||gr|||| 001 edspa d
020 _a9789945809411
040 _aDO-SdBNP
_bspa
_cBNPHU
_erda
082 4 _222
_bP438m
245 1 3 _aLa música como propaganda en la dictadura de Trujillo
_cCatana Pérez, Arismendi Vásquez Guareño; edición a cargo de: Avelino Stanley
264 _aSanto Domingo :
_bMuseo Memorial de la Resistencia Dominicana,
_c2022
300 _a249 páginas ;
_c22 cm.
336 _2rdaconten
_atexto
_btxt
337 _2rdamedia
_asin medición
_bn
338 _2rdacarrier
_avolumen
_bnc
500 _aIncluye datos biográficos de los autores en las solapas de las cubiertas
500 _aIncluye bibliografía y notas al pie de páginas
590 _aInventariado 2023 / MF
942 _2ddc
_cLBS1
999 _c53561
_d53561